书目信息 |
| 题名: |
大规模集成电路译文集
|
|
| 作者: | ;《半导体情报》编辑部 编译 | |
| 分册: | ||
| 出版信息: | 北京 国防工业出版社 1971 |
|
| 页数: | 140页 | |
| 开本: | 19cm | |
| 丛书名: | ||
| 单 册: | ||
| 中图分类: | TN47 | |
| 科图分类: | ||
| 主题词: | 大规模集成电路 , 超大规模集成电路 | |
| 电子资源: | ||
| ISBN: | ||
| 000 | 00653nam0 2200217 45 | |
| 001 | 0405191479 | |
| 005 | 20040519144425.9 | |
| 010 | @dCNY0.48 | |
| 091 | @a15034.1227 | |
| 100 | @a20040519d1971 km y0chiy0120 ea | |
| 101 | 0 | @achi |
| 105 | @a z 000yy | |
| 200 | 1 | @a大规模集成电路译文集@ADa Gui Mo Ji Cheng Dian Lu Yi Wen Ji@f《半导体情报》编辑部编译@F《Ban Dao Ti Qing Bao》Bian Ji Bu Bian Yi |
| 210 | @a北京@c国防工业出版社@d1971 | |
| 215 | @a140页@d19cm | |
| 606 | 0 | @a大规模集成电路 |
| 606 | 0 | @a超大规模集成电路 |
| 690 | @aTN47@v3 | |
| 711 | 02 | @a《半导体情报》编辑部@4编译 |
| 801 | @aCN@bTSTCL@c20040519 | |
| 905 | @f2@b10113-114@dTN47@e11 | |
| 大规模集成电路译文集/《半导体情报》编辑部编译.-北京:国防工业出版社,1971 |
| 140页;19cm |
| ISBN :CNY0.48 |
| ● |
| 相关链接 |
|
|
|
|
正题名:大规模集成电路译文集
索取号:TN47/11
 
预约/预借
| 序号 | 登录号 | 条形码 | 馆藏地/架位号 | 状态 | 备注 |
| 1 | 0010112 | 001352468 | 第二样本阅览室/ [索取号:TN47/11] | 在馆 | |
| 2 | 0010113 | 001352422 | 第三借阅区/ [索取号:TN47/11] | 在馆 | |
| 3 | 0010114 | 001352501 | 密集书库/ [索取号:TN47/11] | 在馆 |